Hacia el español: nivel básico (Record no. 168586)

MARC details
000 -LÍDER
campo de controle de tamanho fixo 00407 a2200169 4500
001 - NÚMERO DE CONTROLE
campo de controle 168586
020 ## - ISBN - INTERNATIONAL STANDARD BOOK NUMBER
ISBN - International Standard Book Number 85-02-02448-5
040 ## - FONTE DA CATALOGAÇÃO
Instituição que transcreveu o registro Magnum
100 ## - ENTRADA PRINCIPAL--NOME PESSOAL
Nome pessoal Bruno, Fátima Aparecida Teves Cabral
240 10 - TÍTULO UNIFORME
Título uniforme Hacia el español: nivel básico
Idioma da obra ESP
245 10 - TÍTULO
Título Hacia el español: nivel básico
300 ## - DESCRIÇÃO FÍSICA
Extensão 224
362 0# - DATAS DE PUBLICAÇÃO E/OU DESIGNAÇÃO SEQUENCIAL
Datas de publicação e/ou designação sequencial 2000
440 #1 - DECLARAÇÃO DE SÉRIE/ENTRADA ADICIONADA--TÍTULO
Título Saraiva
697 ## - ENTRADA DE ASSUNTO LOCAL--ENTIDADE COLETIVA (RLIN)
Nome corporativo ou nome da jurisdição LITERATURA ESPANHOLA
942 ## - ELEMENTOS DE ENTRADA ADICIONADOS (KOHA)
Tipo de material Koha Livros
Holdings
Situação do descarte Situação das perdas Situação física Não pode ser emprestado Biblioteca de origem Biblioteca atual Data de aquisição Total de empréstimos Número de chamada completo Código de barras Data de último acesso Data do preço efetivo Tipo de material Koha
        Magnum Magnum 08/06/2024   863.73 MAG00013082 08/06/2024 08/06/2024 Livros
        Magnum Magnum 08/06/2024   863.73 MAG00013083 08/06/2024 08/06/2024 Livros